000
00300nam a2200121Ia 4500
008
190216s9999||||xx |||||||||||||| ||und||
100
_a
Walter E Miller & Jodeph A Babor
245
0
_a
General Chemistry
260
_b
Scientific Book Co
_c
1965
300
_a
691p
650
_a
Chemistry
942
_c
BK
999
_c
1995
_d
1995